| 000 | 00426nam a22001697a 4500 | ||
|---|---|---|---|
| 005 | 20180712105624.0 | ||
| 008 | 160525b xxu||||| |||| 00| 0 eng d | ||
| 041 | _aeng | ||
| 082 |
_b4814 _a658.1511 |
||
| 100 |
_aJain. R.K. _94523 |
||
| 245 | _aManagement Accounting:text problems and cases | ||
| 250 | _a5th ed. | ||
| 260 |
_aNew Delhi _bAcademic Faundation |
||
| 300 | _a422p, | ||
| 650 |
_aManagement _9241 |
||
| 942 | _cBK | ||
| 999 |
_c1644 _d1643 |
||